|
LDR
| 01419nam a2200409 a 4500 |
|---|
| 001 | 54279 |
|---|
| 003 | CZ-PrJAB |
|---|
| 005 | 20111020104703.0 |
|---|
| 007 | ta |
|---|
| 008 | 110816s2011 xr g 000 j cze |
|---|
| 015 | | . |
‡acnb002220781 |
|---|
| 020 | | . |
‡a978-80-904661-2-8
‡q(brož.) |
|---|
| 035 | | . |
‡a(CZ PrNK)nkc20112220781 |
|---|
| 035 | | . |
‡a(OCoLC)761169174 |
|---|
| 040 | | . |
‡aBOA001
‡bcze
‡dABA001 |
|---|
| 041 | 1 | . |
‡acze
‡hpol |
|---|
| 043 | | . |
‡ae-pl--- |
|---|
| 045 | | . |
‡ax3x4 |
|---|
| 072 | | 7. |
‡a821.162.1
‡xPolská literatura
‡2Konspekt
‡925 |
|---|
| 080 | | . |
‡a821.162.1-32
‡2MRF |
|---|
| 080 | | . |
‡a323.12"1939/1945"
‡2MRF |
|---|
| 080 | | . |
‡a(438)
‡2MRF |
|---|
| 080 | | . |
‡a(0:82-32)
‡2MRF |
|---|
| 100 | 1 | . |
‡aNałkowska, Zofia,
‡d1884-1954
‡7jn20000401842
‡4aut |
|---|
| 245 | 1 | 0. |
‡aMedailony /
‡cZofia Nałkowska ; [z polského originálu ... přeložila Helena Teigová] |
|---|
| 250 | | . |
‡aVyd. 1. u nakl. Tomáš Bruckner, V českém překladu vyd. 3. |
|---|
| 260 | | . |
‡aŘepín :
‡bTomáš Bruckner,
‡c2011 |
|---|
| 300 | | . |
‡a91 s. ;
‡c15 cm |
|---|
| 648 | | 7. |
‡a1939-1945
‡7ch460653
‡2czenas |
|---|
| 650 | 0 | 7. |
‡aholocaust (1939-1945)
‡7ph117203
‡zPolsko
‡2czenas |
|---|
| 650 | 0 | 9. |
‡aholocaust, 1939-1945
‡zPoland
‡2eczenas |
|---|
| 655 | | 7. |
‡apolské povídky
‡7fd133082
‡2czenas |
|---|
| 655 | | 9. |
‡aPolish short stories
‡2eczenas |
|---|
| 700 | 1 | . |
‡aTeigová, Helena,
‡d1902-1986
‡7jk01132146
‡4trl |
|---|
| 765 | 0 | . |
‡tMedaliony
‡9Česky |
|---|
| 910 | | . |
‡aABE461 |
|---|
| 995 | | . |
‡aska |
|---|
| 901 | | . |
‡a54279
‡bAUTOGEN
‡c54279
‡tbiblio |
|---|